| 000 | 01146nam0a2200325 4500 | ||
|---|---|---|---|
| 001 | RU\NLR\bibl\1403335 | ||
| 005 | 20260409080539.0 | ||
| 010 | _a978-5-85524-323-9 | ||
| 021 |
_aRU _b2009-47794 _92933 |
||
| 035 | _a(nilc)RSL-KNO-004342492 | ||
| 035 | _a(NLR Aleph) 001395335 | ||
| 090 |
_a1188287 _c1188287 |
||
| 100 | _a20090610d2009 |||y0rusy50 ca | ||
| 101 | 1 |
_arus _cgrc |
|
| 102 | _aRU | ||
| 105 | _ay zzzz||||| | ||
| 200 | 1 |
_aРадостная весть _eНовый Завет в переводе с древнегреческого |
|
| 210 |
_aМосква _cРоссийское Библейское общество _d2009 |
||
| 215 |
_a560 с. _d24 |
||
| 500 |
_aБиблия _iН.З. _3RU\NLR\auth\553088 _92631042 |
||
| 605 |
_aБиблия _iНовый Завет _iЕвангелие _jУчебные издания _92079095 _3RU\NLR\auth\661254967 |
||
| 686 |
_aЭ37-220.122,0 _2rubbk |
||
| 686 | _aЭ37-220.911я7 | ||
| 801 | 0 |
_aRU _bРКП _c20090610 _grcr |
|
| 801 | 1 |
_aRU _bРГБ _c20090610 |
|
| 801 | 2 |
_aRU _bNLR _c20090821 _grcr |
|
| 942 | _cBOOK | ||
| 980 | _aNB | ||